ثمامة بن أثال / (رقم التسجيلة. 104942)

تفاصيل مارك
000 -LEADER
fixed length control field 00785nam a22002297a 4500
005 - DATE AND TIME OF LATEST TRANSACTION
control field 20251108173500.0
008 - FIXED-LENGTH DATA ELEMENTS--GENERAL INFORMATION
fixed length control field 250721s9999 xx 000 0 ara d
082 14 - DEWEY DECIMAL CLASSIFICATION NUMBER
Classification number ط/219.5/ابر
100 1# - MAIN ENTRY--PERSONAL NAME
Personal name ابراهيم، عبد القادر الشيخ
245 10 - TITLE STATEMENT
Title ثمامة بن أثال /
264 1# - PRODUCTION, PUBLICATION, DISTRIBUTION, MANUFACTURE, AND COPYRIGHT NOTICE
Place of production, publication, distribution, manufacture حلب :
Name of producer, publisher, distributor, manufacturer دار القلم العربي،
Date of production, publication, distribution, manufacture, or copyright notice (200-.
300 ## - PHYSICAL DESCRIPTION
Extent 16ص.
490 0# - SERIES STATEMENT
Series statement فجر الهدى والإيمان:من سفراء الإسلام
Volume/sequential designation 10
650 17 - SUBJECT ADDED ENTRY--TOPICAL TERM
Topical term or geographic name as entry element السيرة النبويه
650 17 - SUBJECT ADDED ENTRY--TOPICAL TERM
Topical term or geographic name as entry element الصحابه والتابعين
650 17 - SUBJECT ADDED ENTRY--TOPICAL TERM
Topical term or geographic name as entry element السفراء
653 ## - INDEX TERM--UNCONTROLLED
Uncontrolled term ثمامة بن اثال
653 ## - INDEX TERM--UNCONTROLLED
Uncontrolled term ناشؤون صغار(10-14 سنه)
700 1# - ADDED ENTRY--PERSONAL NAME
Personal name فرهود، أحمد عبد الله
Relator term مراجع
942 ## - ADDED ENTRY ELEMENTS (KOHA)
Source of classification or shelving scheme Dewey Decimal Classification
Koha item type كتب
المقتنيات
حالة السحب حالة الفقدان مصدر التصنيف حالة التلف غير قابل للإعارة المكتبة الرئيسية المكتبة الحالية موقع الرف تاريخ التزويد الرقم المتسلسل Total Checkouts رقم الإستدعاء الباركود تاريخ آخر ظهور تاريخ الفاتورة نوع المادة (كوها)
    Dewey Decimal Classification     المكتبة المركزية المكتبة المركزية الأطفال 01/02/2010 1357864   ط/219.5/ابر PLD00133553 28/07/2025 01/02/2010 كتب
    Dewey Decimal Classification     المكتبة المركزية المكتبة المركزية مقتنيات قسم التزويد 28/07/2025 1357865   ط/219.5/ابر   28/07/2025 28/07/2025 كتب
    Dewey Decimal Classification     مكتبة البشائر للأطفال مكتبة البشائر للأطفال الإعارة 06/05/2015 527823   ط/219.5/ابر PLD00323254 28/07/2025 06/05/2015 كتب
    Dewey Decimal Classification     مكتبة الأميرة سلمى مكتبة الأميرة سلمى الأطفال 28/07/2025 567031   ط/219.5/ابر 567031 28/07/2025 28/07/2025 كتب
    Dewey Decimal Classification     مكتبة الجويدة مكتبة الجويدة الأطفال 01/03/2018 1676349   ط/219.5/ابر PLD00418281 28/07/2025 01/03/2018 كتب
    Dewey Decimal Classification     مكتبة الياسمين للأطفال مكتبة الياسمين للأطفال الأطفال 15/04/2014 558258   ط/219.5/ابر PLD00299354 28/07/2025 15/04/2014 كتب
    Dewey Decimal Classification     مكتبةمؤتة مكتبةمؤتة الأطفال 23/06/2014 628848   ط/219.5/ابر PLD00330433 28/07/2025 23/06/2014 كتب
Implemented & Customized by: BBB with SCIT (Smart Chains for Information Technology)

Powered by Koha